00344pab a2200133 454500008004000000100002100040245005700061260000900118300001100127362001000138650002100148700002100169773002000190180718b2009 xxu||||| |||| 00| 0 eng d aKumar, B. Vijaya aInternet search engines in medical sciences: a study c2009 ap.3-7. a2 Feb aMedical sciences aMurthy, A. Omkar aUniversity News